000 00798nam a22002297a 4500
999 _c15824
_d15824
003 MIRAKIL
005 20240328115511.0
008 240328b tu ||||| |||| 00| 0 tur d
020 _a9789751631213
040 _aTR-AnCHP
_cTR-AnCHP
041 _atur
082 _a417.5
_bD54g 2015
100 _aDilek, Figen Güner
245 1 0 _aGüney Sibirya Altay Türkçesi ağızları :
_bkarşılaştırmalı ses bilgisi /
_cFigen Güner Dilek.
260 _aAnkara :
_bTürk Dil Kurumu Yayınları,
_c2015.
300 _a548 s. :
_bres., hrt., tbl. ;
_c29 cm.
490 0 _aTürk Dil Kurumu Yayınları ;
_v1156.
504 _aKaynakça: 531-536. ss.
650 0 _97753
_aAğızlar
856 _zDijital Nüshası için Partimizin Kütüphane Sorumlusu ile iletişime geçiniz.
942 _2ddc
_cBKS